Statistics for NATO/OTAN Members

Click here to take the quiz!

General Stats

  • This quiz has been taken 20 times
  • The average score is 26 of 28

Answer Stats

HintAnswer% Correct
North AmericaUnited States
100%
EuropeItaly
94%
EuropeUnited Kingdom
94%
Europe/AsiaTurkey
94%
EuropeSlovakia
94%
EuropePortugal
94%
EuropePoland
94%
EuropeNorway
94%
Europethe Netherlands
94%
EuropeLithuania
94%
EuropeBelgium
94%
EuropeLatvia
94%
EuropeHungary
94%
EuropeGreece
94%
EuropeGermany
94%
EuropeFrance
94%
EuropeEstonia
94%
EuropeCzech Republic
94%
North AmericaCanada
94%
EuropeLuxembourg
89%
EuropeDenmark
89%
EuropeRomania
89%
EuropeSlovenia
89%
EuropeSpain
89%
EuropeBulgaria
89%
EuropeAlbania
89%
EuropeIceland
83%
EuropeCroatia
83%

Score Distribution

Percentile by Number Answered

Percent of People with Each Score

Your Score History

You have not taken this quiz